Pictorial handbook of fracture treatment / (Record no. 10103)
[ view plain ]
| 000 -LEADER | |
|---|---|
| fixed length control field | 00686nam a22002172 4500 |
| 001 - CONTROL NUMBER | |
| control field | 0000023985 |
| 005 - DATE AND TIME OF LATEST TRANSACTION | |
| control field | 20151217152253.0 |
| 008 - FIXED-LENGTH DATA ELEMENTS--GENERAL INFORMATION | |
| fixed length control field | 130424s xx 000 0 eng d |
| 040 ## - CATALOGING SOURCE | |
| Original cataloging agency | KABU |
| Transcribing agency | KABU |
| 100 1# - MAIN ENTRY--PERSONAL NAME | |
| Personal name | Compere, Edward L. |
| -- | 0000183839 |
| 245 10 - TITLE STATEMENT | |
| Title | Pictorial handbook of fracture treatment / |
| Statement of responsibility, etc. | Edward L. Compere, Sam W. Banks, Clinton L. Compere. |
| 250 ## - EDITION STATEMENT | |
| Edition statement | 4th ed. |
| 260 ## - PUBLICATION, DISTRIBUTION, ETC. (IMPRINT) | |
| Place of publication, distribution, etc. | Chicago, ILL : |
| Name of publisher, distributor, etc. | Year Book, |
| Date of publication, distribution, etc. | 1958. |
| 300 ## - PHYSICAL DESCRIPTION | |
| Extent | 448 p. |
| 650 #0 - SUBJECT ADDED ENTRY--TOPICAL TERM | |
| Topical term or geographic name as entry element | Fractures. |
| -- | 0000183731 |
| 700 1# - ADDED ENTRY--PERSONAL NAME | |
| Personal name | Banks, Sam W. |
| -- | 0000183840 |
| 700 1# - ADDED ENTRY--PERSONAL NAME | |
| Personal name | Compere, Clinton L. |
| -- | 0000183841 |
| 852 1# - LOCATION | |
| -- | p500 KES |
| 908 ## - PUT COMMAND PARAMETER (RLIN) | |
| Put command parameter | 130424 |
| 950 ## - LOCAL HOLDINGS (RLIN) | |
| -- | 1 |
| Withdrawn status | Lost status | Source of classification or shelving scheme | Not for loan | Home library | Current library | Date acquired | Total Checkouts | Full call number | Barcode | Date last seen | Price effective from | Koha item type |
|---|---|---|---|---|---|---|---|---|---|---|---|---|
| Library of Congress Classification | Kabarak, Main Campus | Kabarak, Main Campus | 17/12/2015 | RD101 .C66 1958 c. 1 | 015086 | 17/12/2015 | 17/12/2015 | General Collection |